Garibaldi and the making of Italy (june-november 1860) (Record no. 411050)

000 -LEADER
fixed length control field 00556cam a22001577a 4500
008 - FIXED-LENGTH DATA ELEMENTS--GENERAL INFORMATION
fixed length control field 180718b1911 xxu||||| |||| 00| 0 eng d
082 ## - DEWEY DECIMAL CLASSIFICATION NUMBER
Classification number A6x45 T728
100 ## - MAIN ENTRY--PERSONAL NAME
Personal name Trevelyan, George Macaulay
245 ## - TITLE STATEMENT
Title Garibaldi and the making of Italy (june-november 1860)
Statement of responsibility, etc. by George Macaulay Trevelyan
260 ## - PUBLICATION, DISTRIBUTION, ETC.
Place of publication, distribution, etc. London
Name of publisher, distributor, etc. Longman
Date of publication, distribution, etc. 1911
300 ## - PHYSICAL DESCRIPTION
Extent xviii,390p.
650 ## - SUBJECT ADDED ENTRY--TOPICAL TERM
Topical term or geographic name entry element Naples (Kingdom) --History --1848-1861.
650 ## - SUBJECT ADDED ENTRY--TOPICAL TERM
Topical term or geographic name entry element Italy --History --War of 1860-1861
650 ## - SUBJECT ADDED ENTRY--TOPICAL TERM
Topical term or geographic name entry element Expedition of the Thousand, Italy, 1860
650 ## - SUBJECT ADDED ENTRY--TOPICAL TERM
Topical term or geographic name entry element Garibaldi, Giuseppe, 1807-1882
Holdings
Withdrawn status Lost status Damaged status Not for loan Permanent Location Current Location Date acquired Full call number Barcode Date last seen Price effective from Koha item type
        Indian Institute of Public Administration Indian Institute of Public Administration 2009-01-27 A6x45 T728 14710 2018-07-21 2018-07-21 Book

Powered by Koha